<?xml version="1.0" encoding="UTF-8"?>
<record
    xmlns:xsi="http://www.w3.org/2001/XMLSchema-instance"
    xsi:schemaLocation="http://www.loc.gov/MARC21/slim http://www.loc.gov/standards/marcxml/schema/MARC21slim.xsd"
    xmlns="http://www.loc.gov/MARC21/slim">

  <leader>01181nam a22001937a 4500</leader>
  <controlfield tag="005">20230415123622.0</controlfield>
  <controlfield tag="008">220627b           ||||| |||| 00| 0 eng d</controlfield>
  <datafield tag="020" ind1=" " ind2=" ">
    <subfield code="a">978188521*541</subfield>
  </datafield>
  <datafield tag="050" ind1=" " ind2=" ">
    <subfield code="a">KF2750.C73</subfield>
  </datafield>
  <datafield tag="245" ind1=" " ind2=" ">
    <subfield code="a">Communication and the law. /</subfield>
    <subfield code="c">W. Wat Hopkins, Editor</subfield>
  </datafield>
  <datafield tag="250" ind1=" " ind2=" ">
    <subfield code="a">2016 edition</subfield>
  </datafield>
  <datafield tag="260" ind1=" " ind2=" ">
    <subfield code="a">North Port, Alabama :</subfield>
    <subfield code="b">Vision Press,</subfield>
    <subfield code="c">2016.</subfield>
  </datafield>
  <datafield tag="300" ind1=" " ind2=" ">
    <subfield code="a">vi, 425 p. :</subfield>
    <subfield code="b">ill. ;</subfield>
    <subfield code="c">24 cm.</subfield>
  </datafield>
  <datafield tag="500" ind1=" " ind2=" ">
    <subfield code="a">Include index.</subfield>
  </datafield>
  <datafield tag="505" ind1=" " ind2=" ">
    <subfield code="a">Contents : The law in modern society -- The first amendment in theory and practice -- Conduct and speech -- Prior restraint -- Regulating pornography -- Defamation -- Regulating student expression -- Regulating advertising -- Regulating public relations -- Broadcast regulation -- Regulating cable communication -- New communication technologies -- Intellectual property -- Privacy rights in an open and changing society -- Confidential sources and information -- Access to courts -- Access to public documents and meetings -- Newsgathering -- The Constitution of the United States of America -- The Bill of rights -- </subfield>
  </datafield>
  <datafield tag="650" ind1=" " ind2=" ">
    <subfield code="a">Communication</subfield>
    <subfield code="x">Law</subfield>
    <subfield code="9">1193</subfield>
  </datafield>
  <datafield tag="710" ind1=" " ind2=" ">
    <subfield code="a">Communication Law Writers Group</subfield>
    <subfield code="9">1194</subfield>
  </datafield>
  <datafield tag="942" ind1=" " ind2=" ">
    <subfield code="2">lcc</subfield>
    <subfield code="c">BK</subfield>
  </datafield>
  <datafield tag="999" ind1=" " ind2=" ">
    <subfield code="c">9505</subfield>
    <subfield code="d">17005</subfield>
  </datafield>
  <datafield tag="952" ind1=" " ind2=" ">
    <subfield code="0">0</subfield>
    <subfield code="1">0</subfield>
    <subfield code="2">lcc</subfield>
    <subfield code="4">0</subfield>
    <subfield code="7">0</subfield>
    <subfield code="a">WIUC-KL</subfield>
    <subfield code="b">WIUC-KL</subfield>
    <subfield code="c">LL</subfield>
    <subfield code="d">2023-03-24</subfield>
    <subfield code="o">KF2750.C73(2016e)</subfield>
    <subfield code="p">KSL/1748/011/23</subfield>
    <subfield code="r">2023-04-13 00:00:00</subfield>
    <subfield code="y">BK</subfield>
  </datafield>
</record>
